[Event "Canadian op"]
[Site "Quebec"]
[Date "2018.07.10"]
[Round "5"]
[White "Leger, Manon"]
[Black "Hay, Jonathan"]
[Result "0-1"]
[WhiteElo "1911"]
[BlackElo "1772"]
[PlyCount "45"]
[EventDate "2018.07.07"]
[EventType "swiss"]
[EventRounds "9"]
[EventCountry "CAN"]
[SourceTitle "EXT 2019"]
[Source "ChessBase"]
[SourceDate "2018.10.10"]
[SourceVersion "1"]
[SourceVersionDate "2018.10.10"]
[SourceQuality "1"]

1. e4 c6 2. d4 d5 3. exd5 cxd5 4. c4 Nf6 5. Nc3 Nc6 6. Bg5 Be6 7. c5 g6 8. Nf3 Ne4 9. Bf4 Bg7 10. Bb5 0-0 11. Qa4 Na5 12. Ne5 f6 13. Nf3 a6 14. Bd3 Nxc3 15. bxc3 Bd7 16. Qc2 e5 17. dxe5 fxe5 18. Bg5 Bf6 19. Bxf6 Qxf6 20. Bf1 Rac8 21. 0-0-0 Rxc5 22. Be2 Rfc8 23. Qd2 0-1

[Event "Montreal Young Stars 2"]
[Site "Montreal"]
[Date "2017.12.17"]
[Round "8.2"]
[White "Leger, Manon"]
[Black "Bassel, Charaf"]
[Result "0-1"]
[WhiteElo "1946"]
[BlackElo "2073"]
[PlyCount "46"]
[EventDate "2017.12.09"]
[EventType "swiss"]
[EventRounds "8"]
[EventCountry "CAN"]
[SourceTitle "EXT 2022"]
[Source "ChessBase"]
[SourceDate "2021.10.06"]
[SourceVersion "1"]
[SourceVersionDate "2021.10.06"]
[SourceQuality "1"]

1. e4 Nc6 2. Nf3 e5 3. Bb5 a6 4. Ba4 Nf6 5. 0-0 Bc5 6. Bxc6 dxc6 7. Nxe5 Nxe4 8. Qf3 Qd4 9. d3 Qxe5 10. dxe4 0-0 11. Nc3 Bd6 12. g3 f5 13. Be3 fxe4 14. Qxe4 Qh5 15. Qc4+ Kh8 16. f4 Bh3 17. Rf2 Rae8 18. Qd3 Rxe3 19. Qxe3 Bc5 20. Qe2 Bg4 21. Qf1 Qg6 22. Rc1 Rxf4 23. gxf4 Bf3+ 0-1

[Event "Montreal Young Stars 2"]
[Site "Montreal"]
[Date "2017.12.10"]
[Round "3.6"]
[White "Leger, Manon"]
[Black "Richard, Leo"]
[Result "1/2-1/2"]
[WhiteElo "1946"]
[BlackElo "1634"]
[PlyCount "132"]
[EventDate "2017.12.09"]
[EventType "swiss"]
[EventRounds "8"]
[EventCountry "CAN"]
[SourceTitle "EXT 2022"]
[Source "ChessBase"]
[SourceDate "2021.10.06"]
[SourceVersion "1"]
[SourceVersionDate "2021.10.06"]
[SourceQuality "1"]

1. e4 c5 2. Nf3 e6 3. d4 cxd4 4. Nxd4 a6 5. c4 Qc7 6. Nc3 Nf6 7. Be3 d6 8. Be2 Be7 9. 0-0 0-0 10. f4 Nbd7 11. Rc1 b6 12. Bf3 Bb7 13. Qe2 Rac8 14. b3 Qb8 15. Bf2 Bd8 16. Rfd1 Bc7 17. Nc2 Rfd8 18. Ne3 Nc5 19. Ng4 Nxg4 20. Bxg4 Qa8 21. Bf3 Qb8 22. Bd4 d5 23. e5 dxc4 24. Bxb7 Qxb7 25. Bxc5 bxc5 26. Qxc4 Rd4 27. Rxd4 cxd4 28. Ne2 d3 29. Qxd3 Bb6+ 30. Kh1 Rb8 31. Qc2 Qd5 32. Nc3 Qc5 33. h3 Rc8 34. Qe4 Qe3 35. Qxe3 Bxe3 36. Rd1 Bxf4 37. Ne4 Bxe5 38. g4 g6 39. Rd2 f5 40. Nf2 Bf4 41. Rd7 Rc1+ 42. Kg2 Rc2 43. Kf3 Be5 44. Nd3 Rc3 45. Ke2 Bh2 46. Kd2 Rc6 47. Nb4 Rd6+ 48. Rxd6 Bxd6 49. Nxa6 Kf8 50. b4 Ke8 51. a4 Kd8 52. Kd3 Kc8 53. Kc4 Kb7 54. Nc5+ Bxc5 55. Kxc5 fxg4 56. hxg4 h5 57. gxh5 gxh5 58. Kd4 h4 59. Ke4 e5 60. Kf3 Kc6 61. Kg4 Kd5 62. Kxh4 e4 63. Kg3 Kc4 64. b5 e3 65. Kf3 Kd3 66. b6 e2 1/2-1/2

[Event "Montreal Young Stars 2"]
[Site "Montreal"]
[Date "2017.12.09"]
[Round "2.3"]
[White "Zhong, Kevin"]
[Black "Leger, Manon"]
[Result "1-0"]
[WhiteElo "1912"]
[BlackElo "1946"]
[PlyCount "53"]
[EventDate "2017.12.09"]
[EventType "swiss"]
[EventRounds "8"]
[EventCountry "CAN"]
[SourceTitle "EXT 2022"]
[Source "ChessBase"]
[SourceDate "2021.10.06"]
[SourceVersion "1"]
[SourceVersionDate "2021.10.06"]
[SourceQuality "1"]

1. e4 c6 2. d4 d5 3. exd5 cxd5 4. c4 Nf6 5. Nc3 e6 6. Nf3 Nc6 7. Bg5 Be7 8. c5 0-0 9. Bb5 Nd7 10. Bxe7 Nxe7 11. 0-0 a5 12. a3 Qc7 13. Bd3 b6 14. b4 Bb7 15. Nb5 Qb8 16. Nd6 axb4 17. axb4 Rxa1 18. Qxa1 bxc5 19. bxc5 Bc6 20. Qc3 Qc7 21. g3 Rb8 22. Ng5 h6 23. Bh7+ Kf8 24. Ngxf7 Nf6 25. Bc2 Ne4 26. Qf3 Nf6 27. Nxh6 1-0

[Event "Granby op"]
[Site "Granby"]
[Date "2017.11.24"]
[Round "1"]
[White "Leger, Manon"]
[Black "Tomb, Maroun"]
[Result "0-1"]
[WhiteElo "1873"]
[BlackElo "2238"]
[PlyCount "82"]
[EventDate "2017.11.24"]
[EventType "swiss"]
[EventRounds "5"]
[EventCountry "CAN"]
[SourceTitle "EXT 2022"]
[Source "ChessBase"]
[SourceDate "2021.10.06"]
[SourceVersion "1"]
[SourceVersionDate "2021.10.06"]
[SourceQuality "1"]

1. e4 d6 2. d4 Nf6 3. Bd3 e5 4. c3 Nc6 5. Ne2 d5 6. Bg5 Be7 7. exd5 Qxd5 8. Bxf6 Bxf6 9. dxe5 Nxe5 10. Nf4 Nxd3+ 11. Qxd3 Qxd3 12. Nxd3 Bf5 13. Nf4 0-0-0 14. 0-0 h5 15. Na3 g5 16. Ne2 h4 17. Rfd1 Bd3 18. Nc1 Ba6 19. Nb3 b6 20. Nd4 Rhe8 21. Nac2 c5 22. Nf5 Bd3 23. Nce3 Be5 24. h3 a5 25. a4 Bf4 26. Re1 Re5 27. g3 hxg3 28. fxg3 Bxe3+ 29. Nxe3 Rde8 30. Kf2 c4 31. g4 Kb7 32. Rad1 Kc6 33. b4 axb4 34. cxb4 Re4 35. Rc1 R8e6 36. Kf3 Rf4+ 37. Kg3 Ref6 38. Nd1 Rf1 39. Re5 Rg1+ 40. Kh2 Rff1 41. a5 bxa5 0-1

[Event "Montreal op"]
[Site "Montreal"]
[Date "2017.09.09"]
[Round "3"]
[White "Saha, Ananda"]
[Black "Leger, Manon"]
[Result "1-0"]
[WhiteElo "2012"]
[BlackElo "1975"]
[PlyCount "125"]
[EventDate "2017.09.08"]
[EventType "swiss"]
[EventRounds "5"]
[EventCountry "CAN"]
[SourceTitle "CBM 180 Extra"]
[Source "ChessBase"]
[SourceDate "2017.10.06"]
[SourceVersion "1"]
[SourceVersionDate "2017.10.06"]
[SourceQuality "1"]

1. d4 d5 2. c4 c6 3. Nf3 Nf6 4. e3 Bg4 5. Nbd2 e6 6. Bd3 Be7 7. 0-0 0-0 8. b3 Na6 9. a3 Rc8 10. Bb2 c5 11. Qc2 dxc4 12. bxc4 h6 13. h3 Bxf3 14. Nxf3 cxd4 15. exd4 Nd5 16. Qd2 Nf6 17. Rfd1 Nc7 18. Rab1 b6 19. a4 Nce8 20. Bc3 Nd6 21. Qe2 Qc7 22. Ne5 Rfd8 23. Rb3 Nd7 24. Nxd7 Qxd7 25. a5 Qa4 26. Rb4 Qc6 27. d5 Qd7 28. Qg4 Bf8 29. axb6 axb6 30. Qd4 exd5 31. cxd5 Qc7 32. Bb2 Rb8 33. Rb3 Ne8 34. Qe4 g6 35. h4 Bg7 36. Bxg7 Kxg7 37. Qd4+ Nf6 38. Bc4 Rd6 39. Rf3 Re8 40. Re3 Rc8 41. Bb3 Qc5 42. Qb2 Kg8 43. Red3 h5 44. Qe5 Ng4 45. Qf4 Rf6 46. Qd4 Qxd4 47. Rxd4 Nxf2 48. Rf1 Ng4 49. Rxf6 Nxf6 50. d6 Rd8 51. Ba4 Nd7 52. Kf2 Kg7 53. Kf3 f6 54. Ke4 Nc5+ 55. Kd5 Kf7 56. Bc6 Nd7 57. Bxd7 Rxd7 58. Re4 g5 59. Kc6 f5 60. Re1 Rd8 61. hxg5 b5 62. d7 b4 63. Kc7 1-0

[Event "Laval op"]
[Site "Laval"]
[Date "2017.06.25"]
[Round "4"]
[White "Tanaka, Tyler Tsutomu"]
[Black "Leger, Manon"]
[Result "1-0"]
[WhiteElo "1765"]
[BlackElo "1988"]
[PlyCount "84"]
[EventDate "2017.06.23"]
[EventType "swiss"]
[EventRounds "5"]
[EventCountry "CAN"]
[SourceTitle "CBM 179 Extra"]
[Source "ChessBase"]
[SourceDate "2017.08.23"]
[SourceVersion "1"]
[SourceVersionDate "2017.08.23"]
[SourceQuality "1"]

1. e4 c6 2. d4 d5 3. Nc3 dxe4 4. Nxe4 Bf5 5. Ng3 Bg6 6. h4 h5 7. Nf3 Nd7 8. Bd3 Bxd3 9. Qxd3 Ngf6 10. Bd2 e6 11. 0-0-0 Be7 12. Ne4 Nxe4 13. Qxe4 Nf6 14. Qe2 Qd5 15. Kb1 Qe4 16. Qc4 0-0 17. Rhe1 Qd5 18. Qe2 b5 19. Ne5 a5 20. Bg5 Rfe8 21. Bxf6 Bxf6 22. Qxh5 Bxe5 23. dxe5 Qxg2 24. Rg1 Qe4 25. Qh6 Qh7 26. Qg5 Kf8 27. Rd7 a4 28. Rg3 Kg8 29. a3 Rf8 30. Rd4 Kh8 31. Rdg4 Rg8 32. Qf4 Rad8 33. Rg1 Rd7 34. h5 Qf5 35. Qe3 Rd1+ 36. Ka2 Rxg1 37. Rxg1 Qxc2 38. Rc1 Qf5 39. h6 Rc8 40. hxg7+ Kg8 41. Rh1 Qc2 42. Rh8+ Kxg7 1-0

[Event "Montreal CMA Futurity ABCD"]
[Site "Montreal"]
[Date "2017.02.12"]
[Round "5"]
[White "Leger, Manon"]
[Black "Soudre, Nicolas"]
[Result "1/2-1/2"]
[WhiteElo "2001"]
[BlackElo "2080"]
[PlyCount "114"]
[EventDate "2017.02.10"]
[EventType "swiss"]
[EventRounds "5"]
[EventCountry "CAN"]
[SourceTitle "EXT 2022"]
[Source "ChessBase"]
[SourceDate "2021.10.06"]
[SourceVersion "1"]
[SourceVersionDate "2021.10.06"]
[SourceQuality "1"]

1. e4 e5 2. Nf3 Nc6 3. Bb5 Nf6 4. 0-0 Bc5 5. d3 d6 6. c3 Bb6 7. Bg5 h6 8. Be3 0-0 9. Bxb6 axb6 10. Nbd2 Ne7 11. Re1 Ng6 12. d4 Qe7 13. Qc2 Nh5 14. g3 Bg4 15. Bd3 Qf6 16. Be2 Qe6 17. Bc4 Qe7 18. a3 Kh8 19. Bd3 Nf6 20. Re3 Nh7 21. Kg2 Qd7 22. Ng1 Qe7 23. f3 Qg5 24. Ree1 Bd7 25. Ne2 Qf6 26. Rf1 Ng5 27. Rf2 Nh3 28. Rff1 Qg5 29. Nb3 Qh5 30. Qd2 Ng5 31. Ng1 Nh3 32. Be2 Nxg1 33. Kxg1 Qh3 34. dxe5 dxe5 35. Qe3 Qe6 36. Nd2 Bc6 37. Bc4 Qe7 38. Rad1 Rad8 39. Bb3 Rd7 40. Nc4 Rfd8 41. Rxd7 Rxd7 42. Rd1 f6 43. Rxd7 Bxd7 44. Qf2 Be6 45. Nd2 Nf8 46. Bxe6 Nxe6 47. Nf1 Qc5 48. Ne3 Kg8 49. Nd5 Kf7 50. Qxc5 bxc5 51. b3 Ke8 52. Kf2 Kd7 53. Ke2 c6 54. Ne3 h5 55. h4 g6 56. Kd3 g5 57. a4 Kc7 1/2-1/2

[Event "Montreal CMA Futurity ABCD"]
[Site "Montreal"]
[Date "2017.02.11"]
[Round "3"]
[White "Rodrigue Lemieux, Shawn"]
[Black "Leger, Manon"]
[Result "1-0"]
[WhiteElo "2036"]
[BlackElo "2001"]
[PlyCount "91"]
[EventDate "2017.02.10"]
[EventType "swiss"]
[EventRounds "5"]
[EventCountry "CAN"]
[SourceTitle "EXT 2022"]
[Source "ChessBase"]
[SourceDate "2021.10.06"]
[SourceVersion "1"]
[SourceVersionDate "2021.10.06"]
[SourceQuality "1"]

1. e4 e5 2. Nf3 Nf6 3. Nxe5 d6 4. Nf3 Nxe4 5. Nc3 Nxc3 6. dxc3 Nc6 7. Bf4 Be7 8. Bd3 0-0 9. Qd2 Bf6 10. 0-0-0 Rb8 11. Rde1 b5 12. h4 b4 13. c4 a5 14. Ng5 h6 15. Nh7 Be6 16. Nxf8 Kxf8 17. Qe3 Ne5 18. Bxe5 Bxe5 19. f4 Bf6 20. f5 Bd7 21. Qf4 a4 22. Re3 Bxb2+ 23. Kd1 Qf6 24. g4 Bd4 25. Ree1 Bc6 26. g5 Be5 27. Qe3 Qd8 28. Rhg1 h5 29. Qe2 Qc8 30. Qxh5 Qb7 31. Qh8+ Ke7 32. Qxg7 Bf3+ 33. Kc1 b3 34. f6+ Kd8 35. Qf8+ Kd7 36. Qxf7+ Kc6 37. axb3 Bf4+ 38. Kb2 axb3 39. c3 Ra8 40. Ra1 Ra2+ 41. Rxa2 bxa2+ 42. Ka1 Be5 43. Qe8+ Kc5 44. Qb5+ Qxb5 45. cxb5 Bd5 46. Kb2 1-0

[Event "Montreal op"]
[Site "Montreal"]
[Date "2016.09.09"]
[Round "1"]
[White "Masse, Hugues"]
[Black "Leger, Manon"]
[Result "1-0"]
[WhiteElo "2178"]
[BlackElo "2066"]
[PlyCount "57"]
[EventDate "2016.09.09"]
[EventType "swiss"]
[EventRounds "5"]
[EventCountry "CAN"]
[SourceTitle "CBM 174 Extra"]
[Source "ChessBase"]
[SourceDate "2016.10.10"]
[SourceVersion "1"]
[SourceVersionDate "2016.10.10"]
[SourceQuality "1"]

1. d4 d6 2. Nf3 g6 3. c4 Bg7 4. g3 c6 5. Bg2 Nf6 6. Nc3 0-0 7. 0-0 Nbd7 8. e4 e5 9. h3 Qb6 10. Re1 Qb4 11. Bf1 Rd8 12. dxe5 dxe5 13. Nxe5 Qb6 14. Nxd7 Bxd7 15. Qc2 Be6 16. Be3 Qc7 17. f4 Nh5 18. Qf2 b6 19. g4 Bxc3 20. bxc3 Ng7 21. Bd4 c5 22. Be5 Qb7 23. f5 Bd7 24. Qh4 Ne8 25. Rad1 Qc6 26. Rd6 Qxd6 27. Bxd6 Nxd6 28. Rd1 Ne8 29. Qe7 1-0

[Event "Gatineau Outaouais op"]
[Site "Gatineau"]
[Date "2016.06.03"]
[Round "1"]
[White "Leger, Manon"]
[Black "Hebert, Jean"]
[Result "0-1"]
[WhiteElo "2035"]
[BlackElo "2461"]
[PlyCount "54"]
[EventDate "2016.06.03"]
[EventType "swiss"]
[EventRounds "5"]
[EventCountry "CAN"]
[SourceTitle "EXT 2022"]
[Source "ChessBase"]
[SourceDate "2021.10.06"]
[SourceVersion "1"]
[SourceVersionDate "2021.10.06"]
[SourceQuality "1"]

1. d4 Nf6 2. c4 e6 3. Nc3 Bb4 4. Bd2 d5 5. e3 0-0 6. Nf3 b6 7. a3 Be7 8. Bd3 c5 9. 0-0 Bb7 10. cxd5 exd5 11. Rc1 Ne4 12. Be1 Nd7 13. Bb1 Bf6 14. dxc5 Ndxc5 15. Nd4 Re8 16. b4 Bxd4 17. exd4 Ne6 18. f3 Nxc3 19. Bxc3 Ba6 20. Re1 Nf4 21. Rxe8+ Qxe8 22. Kh1 Ne2 23. Rc2 Qe3 24. Bb2 Re8 25. Bc1 Qxd4 26. Rd2 Qh4 27. h3 Nxc1 0-1

[Event "Kingston op"]
[Site "Kingston"]
[Date "2000.02.12"]
[Round "3"]
[White "Gebhardt, David"]
[Black "Leger, Manon"]
[Result "0-1"]
[WhiteElo "1977"]
[BlackElo "2044"]
[PlyCount "91"]
[EventDate "2000.02.12"]
[EventType "swiss"]
[EventRounds "5"]
[EventCountry "CAN"]
[SourceTitle "EXT 2022"]
[Source "ChessBase"]
[SourceDate "2021.10.06"]
[SourceVersion "1"]
[SourceVersionDate "2021.10.06"]
[SourceQuality "1"]

1. e4 e5 2. Nf3 Nf6 3. Nxe5 d6 4. Nf3 Nxe4 5. d4 d5 6. Bd3 Bd6 7. 0-0 0-0 8. c4 c6 9. Nc3 Nxc3 10. bxc3 dxc4 11. Bxc4 Bg4 12. Qd3 Nd7 13. Ng5 Nf6 14. Bd2 Qd7 15. Rfe1 Rad8 16. Bb3 Bf5 17. Qf1 Nd5 18. Ne4 Bc7 19. g3 Bh3 20. Qd3 Bf5 21. Qf1 b6 22. Qg2 Bg6 23. c4 Ne7 24. Bc3 Nf5 25. Rad1 Rfe8 26. c5 Ne7 27. d5 Nxd5 28. Bb2 bxc5 29. Nxc5 Qc8 30. Ne4 Qg4 31. f3 Bb6+ 32. Kh1 Qc8 33. Qc2 Qf5 34. Qe2 Ba5 35. Rf1 Qc8 36. Rc1 f5 37. Rfd1 Bf7 38. Qc4 fxe4 39. fxe4 Qg4 40. exd5 Qf3+ 41. Kg1 Re2 42. Qxe2 Qxe2 43. dxc6 Rxd1+ 44. Rxd1 Bxb3 45. Rd7 Qxb2 46. c7 0-1

[Event "Kingston op"]
[Site "Kingston"]
[Date "2000.02.12"]
[Round "1"]
[White "O'Donnell, Tom"]
[Black "Leger, Manon"]
[Result "1-0"]
[WhiteElo "2456"]
[BlackElo "2044"]
[PlyCount "39"]
[EventDate "2000.02.12"]
[EventType "swiss"]
[EventRounds "5"]
[EventCountry "CAN"]
[SourceTitle "EXT 2022"]
[Source "ChessBase"]
[SourceDate "2021.10.06"]
[SourceVersion "1"]
[SourceVersionDate "2021.10.06"]
[SourceQuality "1"]

1. e4 e5 2. Nf3 Nf6 3. Nc3 Bb4 4. Nxe5 d6 5. Nf3 Bxc3 6. dxc3 Nxe4 7. Bd3 Bf5 8. 0-0 0-0 9. Re1 Re8 10. Bg5 Nxg5 11. Rxe8+ Qxe8 12. Nxg5 Bg6 13. Bxg6 hxg6 14. Qf3 Nd7 15. Qxb7 Rb8 16. Qxc7 Rxb2 17. Qxa7 Rxc2 18. h4 Nc5 19. Rb1 Nd7 20. Qxd7 1-0

[Event "Quebec-ch classe U2000"]
[Site "St Jean sur Richelieu"]
[Date "1999.10.01"]
[Round "1"]
[White "Leger, Manon"]
[Black "Lacroix, Serge"]
[Result "0-1"]
[WhiteElo "1868"]
[BlackElo "1970"]
[PlyCount "114"]
[EventDate "1999.10.01"]
[EventType "swiss"]
[EventRounds "5"]
[EventCountry "CAN"]
[SourceTitle "EXT 2022"]
[Source "ChessBase"]
[SourceDate "2021.10.06"]
[SourceVersion "1"]
[SourceVersionDate "2021.10.06"]
[SourceQuality "1"]

1. e4 e5 2. Nf3 Nc6 3. Bb5 a6 4. Ba4 Nf6 5. d3 b5 6. Bb3 Be7 7. Nbd2 d6 8. c3 0-0 9. Nf1 d5 10. Qe2 dxe4 11. dxe4 h6 12. Ne3 Na5 13. Bc2 Bd6 14. b4 Nc6 15. a4 Bd7 16. axb5 axb5 17. Rxa8 Qxa8 18. 0-0 Ne7 19. Nf5 Nxf5 20. exf5 Bc6 21. Nh4 Be4 22. Re1 Bxc2 23. Qxc2 Qc6 24. Qd3 Ra8 25. f3 Qd5 26. Rd1 Qxd3 27. Rxd3 Ra1 28. Rd1 e4 29. Re1 Be5 30. Bd2 Ra2 31. Rd1 Rc2 32. Be1 Kf8 33. fxe4 Nxe4 34. Nf3 Bxc3 35. Bxc3 Rxc3 36. Ne5 Nd6 37. Nd7+ Ke7 38. Nc5 Rc4 39. Rd5 Rxb4 40. Re5+ Kd8 41. f6 gxf6 42. Rh5 Rc4 43. Nb3 Rc3 44. Nd4 c5 45. Rd5 Rc1+ 46. Kf2 Kc7 47. Nb3 Rc2+ 48. Kf1 Kc6 49. Rh5 Rc3 50. Nd2 b4 51. Rxh6 b3 52. Rxf6 b2 53. Rxd6+ Kxd6 54. Ne4+ Ke5 55. Nxc3 Kd4 56. Nb1 Kd3 57. h4 c4 0-1

[Event "Maitrise op"]
[Site "Montreal"]
[Date "1996.??.??"]
[Round "1"]
[White "Gladu, Pierre"]
[Black "Leger, Manon"]
[Result "1/2-1/2"]
[WhiteElo "2160"]
[BlackElo "1890"]
[PlyCount "80"]
[EventDate "1996.??.??"]
[EventType "swiss"]
[EventRounds "6"]
[EventCountry "CAN"]
[SourceTitle "EXT 1999"]
[Source "ChessBase"]
[SourceDate "1998.11.16"]
[SourceVersion "1"]
[SourceVersionDate "1998.11.16"]
[SourceQuality "1"]

1. d4 d5 2. Nf3 c5 3. e3 Nc6 4. c3 e6 5. Nbd2 Nf6 6. Bd3 Bd6 7. 0-0 0-0 8. Qe2 Qc7 9. e4 cxd4 10. cxd4 dxe4 11. Nxe4 Be7 12. Nxf6+ Bxf6 13. Qe4 g6 14. Bf4 Qd8 15. Be5 Nxe5 16. dxe5 Be7 17. Rad1 Qd5 18. Qe2 Qxa2 19. h4 Rd8 20. Bc4 Qa5 21. Rxd8+ Qxd8 22. Rd1 Qc7 23. Bb5 a6 24. Bd3 b5 25. h5 Bb7 26. hxg6 hxg6 27. Nh2 Qc6 28. Nf3 Kg7 29. Qe3 Rc8 30. Qf4 Qd5 31. Ne1 Rc5 32. Bxg6 Qxd1 33. Qxf7+ Kh6 34. Qh7+ Kg5 35. Qxe7+ Kxg6 36. Qxe6+ Kg7 37. Qe7+ Kg8 38. Qe8+ Kg7 39. Qe7+ Kg8 40. Qe8+ Kh7 1/2-1/2